[Event "Trento op"]
[Site "Trento"]
[Date "2008.03.30"]
[Round "5"]
[White "Gallo, Carlo"]
[Black "Scandella, Marco"]
[Result "1/2-1/2"]
[WhiteElo "1667"]
[BlackElo "1536"]
[PlyCount "30"]
[EventDate "2008.03.28"]
[EventType "swiss"]
[EventRounds "5"]
[EventCountry "ITA"]
[SourceTitle "EXT 2011"]
[Source "ChessBase"]
[SourceDate "2010.11.26"]
[SourceVersion "1"]
[SourceVersionDate "2010.11.26"]
[SourceQuality "1"]

1. c4 c5 2. Nf3 Nf6 3. Nc3 Nc6 4. d4 cxd4 5. Nxd4 Nxd4 6. Qxd4 e6 7. e4 a6 8. e5 Ng8 9. Be2 Ne7 10. Bg5 Qc7 11. Qe4 Ng6 12. f4 Bb4 13. 0-0 Bxc3 14. bxc3 0-0 15. Rad1 h6 1/2-1/2

[Event "Trento op"]
[Site "Trento"]
[Date "2008.03.30"]
[Round "4"]
[White "Scandella, Marco"]
[Black "Fragni, Enrico"]
[Result "1/2-1/2"]
[WhiteElo "1536"]
[BlackElo "1731"]
[PlyCount "84"]
[EventDate "2008.03.28"]
[EventType "swiss"]
[EventRounds "5"]
[EventCountry "ITA"]
[SourceTitle "EXT 2011"]
[Source "ChessBase"]
[SourceDate "2010.11.26"]
[SourceVersion "1"]
[SourceVersionDate "2010.11.26"]
[SourceQuality "1"]

1. d4 c6 2. e4 d6 3. Nf3 Bg4 4. Be2 Nf6 5. Nc3 Nbd7 6. 0-0 e5 7. dxe5 dxe5 8. h3 Bh5 9. Bg5 Be7 10. Qd2 h6 11. Be3 0-0 12. a3 Qc7 13. Rad1 Rfd8 14. Qc1 Nc5 15. Bxc5 Bxc5 16. Rxd8+ Rxd8 17. Rd1 Bxf3 18. Bxf3 b5 19. Rxd8+ Qxd8 20. Qd1 Qb6 21. Qd2 Bd4 22. b4 a5 23. Nd1 axb4 24. axb4 Qd8 25. Kf1 Kf8 26. c3 Bb6 27. Qxd8+ Bxd8 28. Ne3 g6 29. Ng4 Nxg4 30. Bxg4 Ke7 31. Ke1 Kd6 32. Bd1 c5 33. bxc5+ Kxc5 34. Bb3 f6 35. f3 Ba5 36. Kd2 b4 37. cxb4+ Kxb4 38. Kc2 Bb6 39. Bf7 g5 40. g4 Kc5 41. Kd3 Ba5 42. Bg6 Kb4 1/2-1/2

[Event "Trento op"]
[Site "Trento"]
[Date "2008.03.29"]
[Round "2"]
[White "Scandella, Marco"]
[Black "Busi, Piero"]
[Result "1-0"]
[WhiteElo "1536"]
[BlackElo "1287"]
[PlyCount "71"]
[EventDate "2008.03.28"]
[EventType "swiss"]
[EventRounds "5"]
[EventCountry "ITA"]
[SourceTitle "EXT 2011"]
[Source "ChessBase"]
[SourceDate "2010.11.26"]
[SourceVersion "1"]
[SourceVersionDate "2010.11.26"]
[SourceQuality "1"]

1. d4 d5 2. c4 dxc4 3. e3 Nf6 4. Bxc4 e6 5. Nf3 Bb4+ 6. Bd2 Bxd2+ 7. Nbxd2 Nc6 8. 0-0 0-0 9. Rc1 a6 10. a3 Bd7 11. Bd3 b5 12. Qc2 g6 13. b4 Kg7 14. Ne4 Re8 15. Nc5 Ra7 16. Nxd7 Qxd7 17. Qxc6 Qxc6 18. Rxc6 Re7 19. Rfc1 Nd5 20. Be4 a5 21. Bxd5 exd5 22. g3 axb4 23. axb4 f6 24. R6c5 Rb7 25. Rxd5 Kf7 26. Rcc5 Ke6 27. Rxb5 c6 28. Rxb7 Rxb7 29. Rc5 Kd6 30. Nd2 Rxb4 31. Ne4+ Kc7 32. Nxf6 Rb5 33. Nxh7 Kd6 34. Nf6 Rxc5 35. Ne4+ Kd5 36. Nxc5 1-0